000 00285nam a22001097a 4500
999 _c508142
_d508142
082 _aY15x5451 H995/2
100 _aGovernment of Hyderabad
_93237
245 _aHyderabad tahsil manual, 1950
260 _aHyderabad
_bGovernment of Hyderabad
_c1950
300 _a229p.
440 _vII
_93238